000 00867nam a2200205Ii 4500
003 JO-AjNU
008 230605s9999||||xx |||||||||||||| ||und||
017 _a1982/4679
040 _aJO-AjNU
_bara
_erda
_cJO-AjNU
041 _aara
050 1 4 _aGN448.A222 1982
100 3 _aتاليف غانم، عبدالله عبد الغني,
_eauthor
_914418
245 0 0 _aالتبادل وعمليات الإستثمار والإدخار في المجتمع المحلي التقليدي والحضري: دراسة مقارنة في الانثروبولوجيا الاقتصادية
264 3 1 _aالاسكندرية: المكتب الجامعي الحديث، 1982
300 _a488ص
336 _atext
_btxt
_2rdacontent
337 _aunmediated
_bn
_2rdamedia
338 _avolume
_bnc
_2rdacarrier
650 4 _aالادخار- الاستثمار- التوفير
_914419
999 _aA3840
_c7408
_d7408